| 000 | 00403nam a2200181Ia 4500 | ||
|---|---|---|---|
| 100 | _aIngle/Vinay K/ Proakis/J.G | ||
| 650 | _aDSP | ||
| 250 | _a3 | ||
| 942 | _cBK | ||
| 366 | _f20 | ||
| 654 | _amatlab | ||
| 245 | _aEssentials of Digital signal processing using Matlab | ||
| 260 |
_bCengage Learning _c2012 |
||
| 082 |
_a621.3822 _bING |
||
| 300 | _a652 | ||
| 546 |
_aENGLISH _cTTL |
||
| 999 |
_c27781 _d27781 |
||